Vista normal
Vista MARC
Entrada Título Uniforme
Número de registros utilizados en: 1
001 - NÚMERO DE CONTROL
- Campo de control: 33567
003 - IDENTIFICADOR DE NÚMERO DE CONTROL
- Campo de control: ES-MaCES
005 - FECHA Y HORA DE LA ULTIMA MODIFICACION
- Campo de control: 20010316151000.0
008 - ELEMENTOS DE DATOS DE LONGITUD FIJA
- Campo de longitud fija: 010316 | azznnaabn || ana d
035 ## - NÚMERO DE CONTROL DEL SISTEMA
- Número de control del sistema: CES20010000550t
040 ## - FUENTE DE LA CATALOGACIÓN
- Agencia original de catalogación: ES-MaCES
- Idioma de catalogación: spa
- Agencia de transcripción: ES-MaCES
130 #0 - ENCABEZAMIENTO--TÍTULO UNIFORME
- Título uniforme: Programa de Apoyo Institucional a los Jóvenes de Medellín
430 #0 - TRAZADO VEÁSE--TÍTULO UNIFORME
- Título uniforme: Corporación PAISAJOVEN
670 ## - FUENTE DE DATOS ENCONTRADOS
- Fuente de citación: CD del CES
901 ## - CES. DATOS SIRTEX
- ID Sirtex (N5N8): 0002300001743
- 005BIS Sirtex: 200103161510ALORITE

